00624 2200229 4500001002100000005001700021020002200038035002400060040001200084082001600096084002000112090002000132100002300152245005900175250001100234260002700245300003200272500003100304650002700335850001200362990002000374YOGYA00000000009876020140923141631.0 a978-979-24-3454-0 0010-021400000000272 aYOPDYOG 2[22]a627.4 aDEP 627.4 Kod R aDEP 627.4 Kod R aKODOATIE, Robert J aRekayasa dan manajemen banjir kotacRobert J. Kodoatie aCet. 1 aYogyakartabAndic2013 axi, 503 hlm.bilus.c23 cm. aBibliografi : hlm. 471-500 aBanjir, Penanggulangan aYOPDYOG aCB-D.112013-641